| 000 | 01272 a2200217 4500 | ||
|---|---|---|---|
| 001 | 30132 | ||
| 005 | 20260407155612.0 | ||
| 008 | 260407a1966 arg spa d | ||
| 003 | AR-UNSa-BCEJYS | ||
| 040 |
_aAR-UNSa-BCEJYS _bspa _cAR-UNSa-BCEJYS |
||
| 080 |
_a657.474.55 _xCostes directos e indirectos. Costes marginales |
||
| 245 | 1 | 0 |
_aCoeficiente Standard _pen la previsión y control de la empresa |
| 250 | _a4a. ed | ||
| 264 | 1 |
_aBilbao : _bEdiciones Deusto _c1966 |
|
| 300 |
_a163 p. _c21 cm. |
||
| 505 | _aPrimera parte: El sistema de los coeficientes stándard - 1. Costos standard y costos efectivos - 2. El análisis de la divergencias de los costos standard - 3. La determinación de la eficiencia de la empresa - 4. Consideraciones generales - Segunda Parte: La técnica de los standard - 1. Como se estudia y se fija un costo standard - 2. La técnica de determinación de los costos standard - 3. La función de los costos stándard - Tercera parte: Criterios para una aplicación práctica - 1. Eleccion de los sistemas y determinación de los fines - 2. La introducción de los costos y de los coeficientes standard. | ||
| 942 | _cBK | ||
| 590 | _aniveau_biblio:m niveau_hierar:0 | ||
| 100 | 1 | _aPerucca Orfei, Vittorio | |
| 700 | 1 | _aSáenz, José Maria | |
| 999 |
_c2031 _d2031 |
||